00000000cam 2200000zi 4500
0019.957530
003CaOODSP
00520260603104637
006m     o  d f      
007cr cn|||||||||
008251121e202511##onc     o    f000 0 eng d
020 |a9780660798479
040 |aCaOODSP|beng|erda|cCaOODSP
043 |an-cn---
0861 |aT94-108/2025E-PDF
24500|aBuild Canada Homes investment policy framework.
24617|aInvestment policy framework — November 2025
264 1|aOttawa, Ontario : |bGovernment of Canada = Gouvernement du Canada, |cNovember 2025.
264 4|c©2025
300 |a1 online resource (12 pages)
336 |atext|btxt|2rdacontent
337 |acomputer|bc|2rdamedia
338 |aonline resource|bcr|2rdacarrier
500 |aIssued also in French under title: Maisons Canada cadre de politique d'investissement.
500 |a"Revised."
500 |a"Last updated: November 27, 2025."
650 0|aHousing policy|zCanada.
650 5|aHousing|zCanada|xFinance.
7101 |aCanada. |bHousing, Infrastructure and Communities Canada, |eissuing body.
77508|tMaisons Canada cadre de politique d'investissement de Maisons Canada.|w(CaOODSP)9.957531
85640|qPDF|s315 KB|uhttps://publications.gc.ca/collections/collection_2026/licc-hicc/T94-108-2025-eng.pdf
8564 |qHTML|sN/A|uhttps://housing-infrastructure.canada.ca/bch-mc/policy-framework-invest-cadre-strategique-eng.html